000 01326nam a2200313 a 4500
001 000001847
005 20200929145728.0
008 090629s2006 cu ac 000 0 spa d
020 _a9592112517
040 _aDO-SdBNP
082 _a972.91064
_bC962h
245 0 0 _aCuba la historia no contada /
_c[selección, organización de textos y edición, Juan Carlos Rodríguez].
260 _aLa Habana :
_bCapitán San Luis,
_c2006.
300 _a[338 p.] :
_bmapa, retrs. ;
_c28 cm.
500 _aIncluye notas del editorial.
651 4 _aCuba
_xPolítica Y Gobierno
_y1959-1990
_95620
651 4 _aCuba
_xPolítica Y Gobierno
_y1959-1990
_xFotografías
_96008
650 4 _aActividades subversivas
_zCuba
_xHistoria
_ySIGLO XX
_95936
650 4 _aActividades subversivas
_zCuba
_xHistoria
_ySIGLO XX
_xFotografías
_96009
650 4 _aContrarrevolucionarios
_zCuba
_96010
650 4 _aContrarrevolucionarios
_zCuba
_xFotografías
_96011
650 4 _aTerrorismo
_zCuba
_95819
650 4 _aTerrorismo
_zCuba
_xFotografías
_96012
651 4 _aEstados Unidos
_xRelaciones Con Cuba
_95832
651 4 _aEstados Unidos
_xRelaciones Con Cuba
_xFotografías
_96013
651 4 _aCuba
_xRelaciones Con Estados Unidos
_95833
651 4 _aCuba
_xRelaciones Con Estados Unidos
_xFotografías
_96014
700 0 _aRodríguez, Juan Carlos,
_eed.
_96002
999 _c1724
_d1724